Etiqueta de registo: 00519cam 22001931 450
001 715795
003 http://id.bnportugal.gov.pt/bib/catbnp/715795
005 19990108000000.0
095 ## $aPTBN00502878
100 ## $a19931012d1937 k y0pory0103 ba
101 1# $apor
102 ## $aPT
200 1# $aRosário meditado$fA. Pradel$gtrad. do cónego Sequeira Mora
210 #9 $aLisboa$cEd. da Casa Au Sacré Coeur,$d1937
215 ## $a39 p.$d12 cm
700 #1 $aPradel,$bAndré,$f1822-1906$31995985
702 #1 $aMora,$bSequeira$4730$3710341
801 #0 $aPT$bBN$gRPC
966 ## $lBN$mFGMON$sR. 25849//19 P.
998 ## $aCR627-473